000 01104nam a22002777a 4500
005 20170203151534.0
008 170203b xxu||||| |||| 00| 0 hin d
010 _aA-987041
020 _c80.00
035 _aA-987041
037 _bCen Lib/Ret
040 _aDPL
_bHN
082 _a822
_bसावन्त
100 _aसावन्त, शिवाजी
_948125
245 _aसंघर्ष /
_cशिवाजी सावन्त
246 _aSangharsh /
_bby Shivaji Sawant
260 _aनई दिल्ली
_bभारतीय ज्ञानपीठ
_c1999
270 _bनई दिल्ली
_a18, इंस्टीटयुश्नल एरिया, लोधी रोड
_e110003
300 _a114पृ.
_c20मी(सजिल्द)
520 _aAW
650 _aहिन्दी साहित्य
_948126
650 _aहिन्दी साहित्य -- नाटक
_946022
650 _aHindi literature
_948127
650 _aHindi literature -- Drama
_948128
942 _2ddc
_cHN
_h822
_mसावन्त
999 _c112547
_d112547